Tchaj-wan na konci éry Kuomintangu
Napäté vzťahy medzi Čínou a Tchaj-wanu. Tchaj-wan v osídliach Kuomintangu. Tchaj-wan v období zmien.
Guardado en:
| Autor principal: | |
|---|---|
| Formato: | Capítulo de libro |
| Lenguaje: | checo |
| Materias: | |
| Etiquetas: |
Sin Etiquetas, Sea el primero en etiquetar este registro!
|
MARC
| LEADER | 00000naa a2200000 4500 | ||
|---|---|---|---|
| 001 | r038521 | ||
| 005 | 20230927120623.3 | ||
| 041 | 0 | |a cze | |
| 044 | |a CZ | ||
| 245 | 1 | 0 | |a Tchaj-wan na konci éry Kuomintangu |c Rudolf Fürst |
| 520 | |a Napäté vzťahy medzi Čínou a Tchaj-wanu. Tchaj-wan v osídliach Kuomintangu. Tchaj-wan v období zmien. | ||
| 610 | 2 | 0 | |a vývoj spoločenský |
| 610 | 2 | 0 | |a Taiwan |
| 610 | 2 | 0 | |a Čína |
| 610 | 2 | 0 | |a samostatnosť hospodárska |
| 610 | 2 | 0 | |a politika vnútorná |
| 100 | 1 | |a Fürst, Rudolf | |